[Event "Albrecht-Beer-Turnier Gera"]
[Site "Gera"]
[Date "2024.10.06"]
[Round "7.51"]
[White "Horatschek, Peter"]
[Black "Scheiding, Sophia"]
[Result "1-0"]
[WhiteElo "1798"]
[BlackElo "1669"]
[PlyCount "99"]
[EventDate "2024.10.03"]
[WhiteTeam "fuß brothers Jena"]
[BlackTeam "Meuselwitzer SV"]

1. Nf3 Nf6 2. g3 e6 3. Bg2 d5 4. O-O Be7 5. d4 O-O 6. c4 Nbd7 7. Nc3 c6 8. Re1
h6 9. h3 Qc7 10. e4 dxe4 11. Nxe4 Nxe4 12. Rxe4 Nf6 13. Re2 Rd8 14. Qc2 Bd6 15.
Be3 Re8 16. a3 Nd7 17. c5 Bf8 18. Rae1 Nf6 19. Bf4 Qd8 20. Qa4 Nd5 21. Bd2 Bd7
22. Ne5 b6 23. b4 a5 24. Qc2 axb4 25. axb4 b5 26. Be4 f5 27. Bf3 Nf6 28. Nxc6
Qc8 29. Ne5 Rb8 30. Bf4 Nd5 31. Bxd5 exd5 32. Nxd7 Qxd7 33. Bxb8 Rxb8 34. Re6
Qf7 35. Qb3 Rd8 36. Qd3 Rb8 37. Qf3 Rd8 38. R1e5 g6 39. Qe3 Ra8 40. Rxd5 Ra1+
41. Kh2 Ra8 42. Rde5 Bg7 43. Re8+ Rxe8 44. Rxe8+ Kh7 45. Qe6 Qxe6 46. Rxe6 Bxd4
47. c6 Bxf2 48. c7 Bd4 49. c8=Q Bg7 50. Re7 1-0

[Event "Albrecht-Beer-Turnier Gera"]
[Site "Gera"]
[Date "2024.10.06"]
[Round "7.52"]
[White "Czäczine, Laura"]
[Black "Ottlik, Marie"]
[Result "1-0"]
[WhiteElo "1777"]
[BlackElo "1657"]
[PlyCount "51"]
[EventDate "2024.10.03"]
[WhiteTeam "Chemnitzer SC Aufbau`95"]
[BlackTeam "TSV Kitzscher"]

1. e4 c5 2. d4 cxd4 3. c3 d6 4. cxd4 Nf6 5. Nc3 g6 6. Nf3 Bg7 7. Bc4 O-O 8. O-O
Nc6 9. d5 Na5 10. Be2 b6 11. b4 Nb7 12. Nd4 a6 13. Be3 Qc7 14. Rc1 Nd8 15. Na4
Qb8 16. Nc6 Nxc6 17. dxc6 Be6 18. Nxb6 Bxa2 19. c7 Qb7 20. Nxa8 Qxa8 21. Qa4
Be6 22. Qxa6 Qxe4 23. b5 Bc8 24. Qc6 Qxc6 25. Rxc6 Nd5 26. Bf3 1-0

[Event "Albrecht-Beer-Turnier Gera"]
[Site "Gera"]
[Date "2024.10.06"]
[Round "7.53"]
[White "Kötz, Michael"]
[Black "Richter, Felix"]
[Result "1-0"]
[WhiteElo "1772"]
[BlackElo "1646"]
[PlyCount "83"]
[EventDate "2024.10.03"]
[WhiteTeam "Einheit Börnichen"]
[BlackTeam "SK Zehlendorf"]

1. c4 e5 2. Nc3 Nf6 3. g3 Bc5 4. Bg2 Nc6 5. e3 d6 6. Nge2 O-O 7. O-O Bf5 8. a3
Rb8 9. b4 Bb6 10. Na4 Ne7 11. Nxb6 cxb6 12. d3 Bg6 13. e4 Nd7 14. f4 f6 15. f5
Bf7 16. Be3 a5 17. b5 Nc5 18. g4 Nc8 19. Nc3 Re8 20. Rf3 Ne7 21. Bf1 Kh8 22.
Ra2 Rg8 23. Rg2 Qd7 24. Qe1 g6 25. Rfg3 Rbe8 26. Qf2 Rc8 27. h4 Rce8 28. Be2
gxf5 29. gxf5 Qc7 30. Bh6 Nc8 31. Bg7+ Rxg7 32. Rxg7 Rg8 33. Rxg8+ Bxg8 34. Nd5
Bxd5 35. cxd5 Nb3 36. Qg3 Qf7 37. h5 Nd4 38. h6 Nxb5 39. Qg7+ Qxg7 40. Rxg7
Nba7 41. Bh5 b5 42. Rd7 1-0

[Event "Albrecht-Beer-Turnier Gera"]
[Site "Gera"]
[Date "2024.10.06"]
[Round "7.54"]
[White "Kutlar, Aras"]
[Black "Hildebrand, Azat"]
[Result "1-0"]
[WhiteElo "1759"]
[BlackElo "1590"]
[PlyCount "51"]
[EventDate "2024.10.03"]
[WhiteTeam "Hamburger SK von 1830"]
[BlackTeam "SC Borussia Lichtenberg"]

1. e4 c6 2. d4 d5 3. exd5 cxd5 4. Bd3 Nf6 5. h3 Nc6 6. c3 g6 7. Bf4 Bf5 8. Nf3
Bxd3 9. Qxd3 e6 10. Nbd2 Bd6 11. Bxd6 Qxd6 12. O-O O-O 13. Rfe1 Rab8 14. Ne5 b5
15. a3 a5 16. Nb3 a4 17. Nc5 Nxe5 18. dxe5 Qxc5 19. exf6 Qc4 20. Qg3 h6 21.
Rad1 Qb3 22. Rd4 Qxb2 23. Rg4 Kh7 24. Rxg6 fxg6 25. Qc7+ Kh8 26. Qg7# 1-0

[Event "Albrecht-Beer-Turnier Gera"]
[Site "Gera"]
[Date "2024.10.06"]
[Round "7.57"]
[White "Nestler, Klaus"]
[Black "Richter, Anastasia"]
[Result "0-1"]
[WhiteElo "1701"]
[BlackElo "1584"]
[PlyCount "60"]
[EventDate "2024.10.03"]
[WhiteTeam "Einheit Börnichen"]
[BlackTeam "SV Königsjäger Süd-West"]

1. d4 d5 2. c4 e6 3. Nf3 c6 4. e3 Nf6 5. Bd3 dxc4 6. Bxc4 b5 7. Bd3 Bb7 8. O-O
Nbd7 9. Nbd2 a6 10. Nb3 c5 11. dxc5 Bxc5 12. Bd2 Bb6 13. Rc1 O-O 14. Bc3 Re8
15. Nbd2 Nc5 16. Bb1 Nfe4 17. Qc2 g6 18. Rfd1 Nxc3 19. Qxc3 Rc8 20. Nb3 Nd7 21.
Qd2 Rxc1 22. Qxc1 Qe7 23. Qd2 Nf6 24. Qd6 Rd8 25. Qxd8+ Bxd8 26. Nfd4 Bb6 27.
Bd3 Nd5 28. a3 e5 29. Nc2 Qg5 30. Be4 Nxe3 0-1

[Event "Albrecht-Beer-Turnier Gera"]
[Site "Gera"]
[Date "2024.10.06"]
[Round "7.58"]
[White "Schimming, Jürgen"]
[Black "John, Linnea"]
[Result "0-1"]
[WhiteElo "1476"]
[BlackElo "1749"]
[PlyCount "134"]
[EventDate "2024.10.03"]
[WhiteTeam "SK Turm Bad Hersfeld"]
[BlackTeam "SV Königsjäger Süd-West"]

1. c4 e6 2. e3 d5 3. d4 Nf6 4. Nc3 Be7 5. Nf3 O-O 6. a3 Nbd7 7. b4 a6 8. c5 b6
9. Bd3 a5 10. Bb2 Ba6 11. c6 Bxd3 12. Qxd3 axb4 13. axb4 Rxa1+ 14. Bxa1 Qa8 15.
O-O Qxc6 16. b5 Qb7 17. Rb1 Ne4 18. Ne2 Ndf6 19. Bb2 Nd6 20. Ba3 Nf5 21. Bxe7
Nxe7 22. Ne5 Ne4 23. Qa3 Nd6 24. Ra1 f6 25. Nf3 Nef5 26. Qa6 Rb8 27. Nc3 Nc4
28. Qa7 Nfd6 29. Qxb7 Rxb7 30. g4 Na5 31. Ne1 c6 32. bxc6 Nxc6 33. Ra8+ Kf7 34.
Na4 b5 35. Nc5 Ra7 36. Rxa7+ Nxa7 37. Nc2 Nc6 38. Na6 e5 39. Ncb4 Ne7 40. f3
Ke6 41. Kf2 Nc4 42. e4 Nd6 43. h4 dxe4 44. fxe4 Nxe4+ 45. Ke3 Nc3 46. Kd3 Ncd5
47. Ke4 Nxb4 48. Nxb4 exd4 49. Nd3 Nc6 50. Nc5+ Kd6 51. Nd3 b4 52. Nxb4 Nxb4
53. Kxd4 Nd5 54. Ke4 Ke6 55. h5 g6 56. hxg6 hxg6 57. Kf3 f5 58. gxf5+ Kxf5 59.
Kg3 Kg5 60. Kf3 Kh4 61. Kf2 Kg4 62. Kg2 g5 63. Kh1 Kg3 64. Kg1 g4 65. Kh1 Kf2
66. Kh2 g3+ 67. Kh3 g2 0-1

[Event "Albrecht-Beer-Turnier Gera"]
[Site "Gera"]
[Date "2024.10.06"]
[Round "7.59"]
[White "Tran, Anh Duc Kevin"]
[Black "Reißmann, Edmund"]
[Result "1/2-1/2"]
[WhiteElo "1585"]
[BlackElo "1713"]
[PlyCount "75"]
[EventDate "2024.10.03"]
[WhiteTeam "Erfurter SK"]
[BlackTeam "SV Erzgebirge Stollberg"]

1. e4 c5 2. Nf3 e6 3. d4 cxd4 4. Nxd4 a6 5. Nc3 Qc7 6. Be3 Bb4 7. Bd2 Nf6 8.
Bd3 O-O 9. O-O Be7 10. Re1 d6 11. a4 Nc6 12. Nxc6 bxc6 13. a5 Bb7 14. Na4 c5
15. Nb6 Rad8 16. Qe2 Nd7 17. Nxd7 Qxd7 18. Bxa6 Bxa6 19. Qxa6 Ra8 20. Qc4 Ra7
21. Ra4 Rfa8 22. Rea1 Ra6 23. c3 d5 24. exd5 exd5 25. Qd3 c4 26. Qb1 Qb5 27.
Qa2 Bd8 28. Kf1 Rxa5 29. Rxa5 Qxa5 30. Qxa5 Rxa5 31. Rxa5 Bxa5 32. Ke2 Kf8 33.
Kf3 Ke7 34. Be3 Kd7 35. Bd4 g6 36. h3 Bc7 37. Be3 Ke6 38. g4 1/2-1/2

[Event "Albrecht-Beer-Turnier Gera"]
[Site "Gera"]
[Date "2024.10.06"]
[Round "7.61"]
[White "Lopez Grande, Alberto"]
[Black "Brade, Harald"]
[Result "1-0"]
[WhiteElo "1700"]
[BlackElo "1578"]
[PlyCount "41"]
[EventDate "2024.10.03"]
[BlackTeam "ESV Lok Döbeln"]

1. e4 c5 2. d4 cxd4 3. c3 dxc3 4. Nxc3 e5 5. Nf3 d6 6. Bc4 h6 7. Qb3 Qe7 8. O-O
Nc6 9. Nd5 Qd7 10. Be3 Rb8 11. Rac1 Na5 12. Qc3 Nxc4 13. Qxc4 b5 14. Nc7+ Kd8
15. Qc2 Rb7 16. Nd5 Ne7 17. Rfd1 Nxd5 18. Rxd5 a6 19. Nxe5 Qc7 20. Qxc7+ Rxc7
21. Bb6 1-0

[Event "Albrecht-Beer-Turnier Gera"]
[Site "Gera"]
[Date "2024.10.06"]
[Round "7.64"]
[White "Päpke, Aaron"]
[Black "Rauhut, Max"]
[Result "1-0"]
[WhiteElo "1640"]
[BlackElo "1532"]
[PlyCount "49"]
[EventDate "2024.10.03"]
[WhiteTeam "SC Agon Neumünster"]
[BlackTeam "SC GG Potsdam"]

1. c4 c5 2. Nf3 e6 3. d4 cxd4 4. Nxd4 d6 5. e4 Nf6 6. Nc3 Be7 7. Be2 Bd7 8. Be3
Nc6 9. Ndb5 Qb8 10. O-O a6 11. Na3 O-O 12. Na4 Qc7 13. Nb6 Rad8 14. f3 Rfe8 15.
Rc1 h6 16. b4 Nxb4 17. Qe1 Nc6 18. Qg3 Kh8 19. Rfd1 Nb4 20. c5 Bf8 21. cxd6 Qb8
22. e5 Ng8 23. Rc7 Bc6 24. Rxf7 Nxa2 25. Qe1 1-0

[Event "Albrecht-Beer-Turnier Gera"]
[Site "Gera"]
[Date "2024.10.06"]
[Round "7.67"]
[White "Steinbacher, Bernd"]
[Black "Boroshneva, Kassia"]
[Result "1/2-1/2"]
[WhiteElo "1972"]
[BlackElo "1427"]
[PlyCount "80"]
[EventDate "2024.10.03"]
[WhiteTeam "USG Chemnitz"]
[BlackTeam "SC Turm Erfurt"]

1. e4 e5 2. Nf3 Nc6 3. Bc4 h6 4. c3 Nf6 5. d3 d6 6. Be3 Bg4 7. Nbd2 Be7 8. h3
Be6 9. Bb5 a6 10. Ba4 b5 11. Bc2 d5 12. d4 exd4 13. Nxd4 Nxd4 14. Bxd4 c5 15.
Bxf6 Bxf6 16. exd5 Bxd5 17. O-O O-O 18. Ne4 Bxe4 19. Bxe4 Qxd1 20. Raxd1 Ra7
21. Rd2 Rd8 22. Rxd8+ Bxd8 23. Rd1 Be7 24. Rd2 Kf8 25. Kf1 f6 26. Bg6 b4 27. c4
a5 28. Bc2 Kf7 29. Ba4 f5 30. b3 Kf6 31. Rd5 Ke6 32. Ke2 g6 33. g3 Bd6 34. Rd3
Re7 35. Re3+ Kf6 36. Rxe7 Kxe7 37. h4 g5 38. hxg5 hxg5 39. Ke3 Ke6 40. f4 g4
1/2-1/2